| 000 | 00885nam a2200241 a 4500 | ||
|---|---|---|---|
| 005 | 20080616100023.0 | ||
| 008 | 070814s2007 ii 001 0 eng | ||
| 010 | _aENG-91544 | ||
| 020 |
_a978812073345 _c99.00 |
||
| 035 | _aEN-75077 | ||
| 037 | _bDBAD / PUB | ||
| 040 |
_adpl _bEnglish |
||
| 082 | _a658.84 | ||
| 100 | _aChandrasekharan, V.C. | ||
| 245 |
_aNetwork marketing is it for you? / _cby V. C. Chandrasekharan |
||
| 260 |
_aNew Delhi _bSterling Paperbacks _c2008 |
||
| 300 |
_a102p. _c23 cm (pbk) |
||
| 520 | _aContributed articles chiefly with reference to India. | ||
| 650 | _aMultilevel marketing | ||
| 651 |
_aIndia _xCivilization. |
||
| 942 |
_2ddc _cEN _mCHA _h658.84 |
||
| 999 |
_c18133 _d18133 |
||